Normal view MARC view
  • Ruiz Abreu, Carlos Enrique,

Entry Nombre Personal

Number of records used in: 5

001 - NUMERO DE CONTROL

  • campo de control: 41402

003 - IDENTIFICADOR DE NUMERO DE CONTROL

  • campo de control: MX-MxUPN

005 - FECHA Y HORA DE LA ÜLTIMA TRANSACCIÓN

  • campo de control: 20241115144028.0

008 - DATOS DE LONGITUD FIJA

  • campo de control de longitud fija: 241115n||acannabbn | aaa |d

010 ## - NÚMERO DE CONTROL DE LA BIBLIOTECA DEL CONGRESO

  • Número de control LC: n 91001568

035 ## - NUMERO DE CONTROL

  • Número de control: UPN11000013509

035 ## - NUMERO DE CONTROL

  • Número de control: (OCoLC)oca02873713

040 ## - FUENTE DE CATALOGACIÓN

  • Lenguaje de catalogación: spa
  • Agencia de transcripción: DLC
  • Agencia original de catalogación: DLC
  • Agencia que lo modifica: DLC
  • Agencia que lo modifica: OCoLC
  • Agencia que lo modifica: TxU
  • Agencia que lo modifica: HU
  • Agencia que lo modifica: MX-MxUPN
  • Description conventions: rda

046 ## - FECHAS CON CODIFICACIÓN ESPECIAL

  • Fecha de nacimiento: 1958

100 1# - ENCABEZAMIENTO - NOMBRE PERSONAL

  • Nombre personal: Ruiz Abreu, Carlos Enrique,
  • Fechas asociadas con el nombre: 1958-

370 ## - LUGAR ASOCIADO

  • Fuente del término: naf
  • Place of birth: Cárdenas (Tabasco, México)
  • Associated country: México

372 ## - CAMPO DE ACTIVIDAD

  • Field of activity: Historia

373 ## - GRUPO ASOCIADO

  • Fuente del término: naf
  • Associated group: Universidad Nacional Autónoma de México
  • Associated group: Universidad Juárez Autónoma de Tabasco

374 ## - OCUPACIÓN

  • Occupation: Historiador

670 ## - FUENTE EN LA QUE SE LOCALIZARON DATOS

  • Cita de la fuente: T
  • Información localizada: Para escribir la historia de Campeche

670 ## - FUENTE EN LA QUE SE LOCALIZARON DATOS

  • Cita de la fuente: Autoridades LC, 15 noviembre 2024 :
  • Información localizada: (Ruiz Abreu, Carlos, 1958-)
  • Uniform Resource Identifier: https://lccn.loc.gov/n91001568

680 ## - NOTA PUBLICA DE ACCESO PÚBLICO

  • Frase explicativa de la referencia: Maestría y doctorado en Historia de México por la Facultad de Filosofía y Letras de UNAM

902 ## - CATALOGADOR

  • Catalogador: MCM/060618
  • Catalogador: MaríaRobles/151124